Enciclopedia Labor

Guardat en:
Dades bibliogràfiques
Format: Llibre
Idioma:espanyol
Publicat: Barcelona Labor 1962
Edició:2a. ed
Matèries:
Etiquetes: Afegir etiqueta
Sense etiquetes, Sigues el primer a etiquetar aquest registre!

MARC

LEADER 00000nam a2200000 a 4500
001 UCX6315
003 CL-VaPUC
008 930517e19620000SP |||||||||||||||||spa|d
082 0 4 |a 030  |b ENC  |2 21 
245 1 0 |a Enciclopedia Labor 
250 |a 2a. ed 
300 |a v 
942 |c BK 
945 |d 19930517 00:00:00  |a aalvarez 
260 |a Barcelona  |b Labor  |c 1962 
500 |a v.1: El universo y la tierra 
500 |a v.5 p.1-2: El hombre a través del tiempo 
650 0 |a Universo  |9 266563 
650 7 |a TIERRA  |2 CL-VaPUC  |9 261538 
583 |a last modification  |c 19930517 00:00:00  |k Rodrigo Vera 
999 |c 226348  |d 226346 
952 |0 0  |1 0  |4 0  |6 030_000000000000000_ENC_1962  |7 0  |8 X  |9 224629  |a BIBING  |b BIBING  |d 2019-11-15  |h v.1  |i 2934078  |o 030 ENC 1962  |p 2934078  |r 2025-01-20  |w 2019-11-15  |y BK_X  |k GEO